000 00690nam a2200241Ia 4500
005 20260430150635.0
008 008 250103s9999 xx 000 0 eng d
037 _aTheses
040 _aCRL
040 _beng
040 _ceng
041 _2eng
041 _aeng
084 _qCRL
100 _aGupta Samta Au.; Kapoor Rupam Gu.
_91238078
245 0 _aArbuscular Mycorrhiza-Mediated Physiological and Metabolic Adjustments for Attenuation of Arsenic Toxicity in Triticum aestivum L
260 _c2023
300 _a240p.
650 _aBotany
700 _aUniversity of Delhi. Faculty of Science. Deptt. of Botany
_91238079
942 _cTH
999 _c1850276
_d1850276